000 00385nam a2200169 a 4500
001 0000-8911
003 ELIB.Books
008 110520 1971
035 _a(ELIB.Books)0000-9059
082 _aFic
_bTon
100 _aTony
245 _aTony's Adventure
260 _bChicago: SRA
_c1971
650 _aFiction
942 _2ddc
_cBK
998 _cbat
_e2011-05-20
999 _c8911
_d8911